000 002800000a22001090004500
090 _aAs
_bSeriadas
245 1 0 _aNotas sobre aves de Colombia, III
041 0 _aEspañol
100 1 _aNicéforo María, Hermano
_999776
942 _cARTICULO
773 1 _tCaldasia
_h21
_q201-210
_d1948
_g5
999 _c15643
_d15643